Statystyki dla Zgody i Kosy - Lech Poznań #2

Kliknij tutaj aby rozwiązać quiz!

Ogólne statystyki

  • Ten quiz został rozwiązany 1 359 razy
  • Średni wynik to 10 z 17

Statystyki odpowiedzi

Odpowiedź% Poprawnych
Legia Warszawa
97%
Arka Gdynia
92%
Cracovia
91%
Wisła Kraków
85%
Lechia Gdańsk
81%
ŁKS Łódź
74%
Śląsk Wrocław
72%
Pogoń Szczecin
71%
Widzew Łódź
71%
Ruch Chorzów
62%
KSZO Ostrowiec Świętokrzyski
45%
Polonia Warszawa
41%
Korona Kielce
40%
Zagłębie Sosnowiec
39%
Elana Toruń
29%
KKS Kalisz
18%
Odra Opole
10%

Rozkład punktacji

Percentyl według liczby udzielonych odpowiedzi

Procent ludzi z każdym wynikiem

Twoja historia wyników

Nie rozwiązałeś tego quizu